Alimentación y cultura en el Amazonas / (Registro nro. 37672)

Detalles MARC
000 -CABECERA
Longitud fija campo de control 01025nam a2200301 a 4500
003 - • IDENTIFICADOR DELl NÚMERO DE CONTROL
Identificador del número de control CO-ViMGA
005 - • FECHA Y HORA DE LA ÚLTIMA TRANSACCIÓN
Fecha y hora de la última transacción 20230915234241.0
008 - • CÓDIGOS DE INFORMACIÓN DE LONGITUD FIJA
Códigos de información de longitud fija 140424s2012 ck a gr 00010 spa d
020 ## - • NÚMERO INTERNACIONAL NORMALIZADO PARA LIBROS
Número Internacional Normalizado para Libros (ISBN) 9789587530582 (obra completa)
020 ## - • NÚMERO INTERNACIONAL NORMALIZADO PARA LIBROS
Número Internacional Normalizado para Libros (ISBN) 9789587530612
040 ## - FUENTE DE LA CATALOGACIÓN
Centro catalogador de origen CO-ViMGA
Lengua de catalogación spa
Centro transcriptor CO-ViMGA
043 ## - CÓDIGO DE ÁREA GEOGRÁFICA
Código de área geográfica s-ck---
082 04 - • NÚMERO DE LA CLASIFICACIÓN DECIMAL DEWEY
Número de clasificación (R) 306
Número del ítem M67a
Número de edición 19
100 1# - • PUNTO DE ACCESO PRINCIPAL-NOMBRE DE PERSONA
Nombre de persona Mora de Jaramillo, Yolanda.
240 10 - • TÍTULO UNIFORME
Título uniforme <a href="Amazonas-Bibliografía regional">Amazonas-Bibliografía regional</a>
245 10 - • TITULO PROPIAMENTE DICHO
Título Alimentación y cultura en el Amazonas /
Mención de responsabilidad, etc. Yolanda Mora de Jaramillo.
250 ## - • MENCI&Oacute;N DE EDICI&Oacute;N
Mención de edición Segunda edición.
300 ## - • DESCRIPCI&Oacute;N F&Iacute;SICA
Extensión 232 páginas :
Otras características físicas ilustraciones ;
Dimensiones 21 cm.
490 1# - • MENCI&Oacute;N DE SERIE
Mención de serie Biblioteca básica de cocinas tradicionales de Colombia ;
Designación de volumen o secuencia 11
504 ## - • NOTA DE BIBLIOGRAF&Iacute;A, ETC
Nota de bibliografía, etc. Incluye bibliografías.
650 14 - • PUNTO DE ACCESO ADICIONAL DE MATERIA - T&Eacute;RMINO DE MATERIA
Término de materia o nombre geográfico como elemento inicial Aculturación
Subdivisión geográfica Leticia (Colombia)
650 14 - • PUNTO DE ACCESO ADICIONAL DE MATERIA - T&Eacute;RMINO DE MATERIA
Término de materia o nombre geográfico como elemento inicial Antropología
Subdivisión geográfica Leticia (Colombia)
650 14 - • PUNTO DE ACCESO ADICIONAL DE MATERIA - T&Eacute;RMINO DE MATERIA
Término de materia o nombre geográfico como elemento inicial Cultura
Subdivisión geográfica Leticia (Colombia)
942 ## - ENTRADA DE ELEMENTOS AGREGADOS (KOHA)
Fuente de clasificaión o esquema Dewey Decimal Classification
Koha [por defecto] tipo de item LIbro
949 ## - TRATAMIENTO DE LA INFORMACI&Oacute;N LOCAL (OCLC)
a c
b c
Existencias
Perdido Fuente de clasificaci&oacute;n o esquema Estado Físico No para pr&eacute;stamo Forma de adquisición Localizaci&oacute;n permanente Localizaci&oacute;n actual Fecha adquisici&oacute;n Fuente de adquisici&oacute;n Coste, precio normal de compra Pr&eacute;stamos totales Signatura completa C&oacute;digo de barras Fecha &uacute;ltima consulta N&uacute;mero de copia Fecha del precio de reemplazo Tipo de item de Koha Localización en estanterías Serie de enumeraci&oacute;n &#47; cronolog&&iacute;acute;a Note p&uacute;blica
        Sala General Biblioteca Pública Departamental Eduardo Carranza - Villavicencio Biblioteca Pública Departamental Eduardo Carranza - Villavicencio 02/16/2017       306 M67a ECA24806 11/26/2024 Ej.1 11/26/2024 LIbro General Vol. Tomo 11 18810 | 24004
  Dewey Decimal Classification     Sala General Segundo Piso Biblioteca Pública Germán Arciniegas - Villavicencio Biblioteca Pública Germán Arciniegas - Villavicencio 10/27/2016 Donación 5000.00   300 M67a 31114 10/27/2016 v.11 Ej 1 10/27/2016 LIbro      









Instituto Departamental de Cultura del Meta - Red Departamental de Bibliotecas Públicas del Meta.